Loading...
| History - American | 0 | 10 | 0 | 2 | 100 | 25 | 65.40 | 1 | 3 | 0.00 | 0.00 |
| History - European | 0 | 9 | 0 | 3 | 90 | 22 | 63.11 | 2 | 5 | 0.00 | 0.00 |
| History - World | 0 | 8 | 0 | 0 | 80 | 20 | 36.63 | 3 | 6 | 0.00 | 0.00 |
| Mythology | 0 | 7 | 0 | 0 | 70 | 16 | 45.29 | 3 | 5 | 0.00 | 0.00 |
| Fine Arts - Other | 0 | 5 | 0 | 1 | 50 | 47 | 75.60 | 1 | 1 | 0.00 | 0.00 |
| Social Science | 0 | 5 | 1 | 1 | 45 | 59 | 77.20 | 1 | 1 | 0.00 | 0.00 |
| Literature - European | 0 | 5 | 1 | 0 | 45 | 51 | 85.60 | 1 | 2 | 0.00 | 0.00 |
| Science - Biology | 0 | 5 | 1 | 1 | 45 | 17 | 61.80 | 1 | 3 | 0.00 | 0.00 |
| Fine Arts - Classical Music | 0 | 4 | 0 | 1 | 40 | 71 | 97.50 | 1 | 1 | 0.00 | 0.00 |
| Religion | 0 | 4 | 1 | 1 | 35 | 34 | 77.25 | 1 | 1 | 0.00 | 0.00 |
| Literature - American | 0 | 4 | 1 | 1 | 35 | 46 | 81.50 | 0 | 1 | 0.00 | 0.00 |
| Philosophy | 0 | 3 | 0 | 0 | 30 | 86 | 94.00 | 0 | 0 | 0.00 | 0.00 |
| Geography | 0 | 2 | 0 | 0 | 20 | 58 | 84.00 | 0 | 1 | 0.00 | 0.00 |
| Literature - British | 0 | 3 | 2 | 0 | 20 | 30 | 53.67 | 1 | 2 | 0.00 | 0.00 |
| Current Events | 0 | 2 | 0 | 1 | 20 | 36 | 67.00 | 1 | 1 | 0.00 | 0.00 |
| History - Other | 0 | 4 | 4 | 0 | 20 | 13 | 48.25 | 2 | 4 | 0.00 | 0.00 |
| Literature - World | 0 | 2 | 0 | 0 | 20 | 53 | 86.00 | 0 | 1 | 0.00 | 0.00 |
| Painting/Sculpture | 0 | 2 | 1 | 0 | 15 | 11 | 58.50 | 1 | 1 | 0.00 | 0.00 |
| Science - Physics | 0 | 2 | 1 | 1 | 15 | 37 | 74.50 | 0 | 1 | 0.00 | 0.00 |
| Science - Chemistry | 0 | 1 | 0 | 0 | 10 | 82 | 82.00 | 0 | 0 | 0.00 | 0.00 |
| Science - Other | 0 | 1 | 1 | 0 | 5 | 35 | 35.00 | 1 | 1 | 0.00 | 0.00 |